000 00479nam a2200169Ia 4500
001 30631
003 IN-NITTTR
005 20251114233413.0
008 251113s9999||||xx |||||||||||||| ||eng||
040 _beng
040 _cIN-NITTTR
041 _aeng
082 _a005.117 T73A
100 _aTripathi, Vijay Kumar
245 0 _aAutomated generation of test data for evolutionary testing with empirical study using ASPECTJ programs /
_cTripathi, Vijay Kumar
942 _2ddc
_cBK
999 _c33261
_d33261